জীবন গড়ার সিড়ি শিষ্টাচার / (Record no. 6487)
[ view plain ]
| 000 -LEADER | |
|---|---|
| fixed length control field | 00753nam a2200205 a 4500 |
| 001 - CONTROL NUMBER | |
| JCCL Control Number | 6487 |
| 003 - CONTROL NUMBER IDENTIFIER | |
| JCCL marc code | BD-JhCC |
| 005 - DATE AND TIME OF LATEST TRANSACTION | |
| control field | 20180217170545.0 |
| 008 - FIXED-LENGTH DATA ELEMENTS--GENERAL INFORMATION | |
| fixed length control field | 180123s2000 bg |||| ||a| 000 0 ben d |
| 035 ## - SYSTEM CONTROL NUMBER | |
| system control number | (BD-JhCC)6487 |
| 040 ## - CATALOGING SOURCE | |
| Original cataloging agency | BD-JhCC |
| Modifying agency | BD-JhCC |
| 041 ## - LANGUAGE CODE | |
| Language code of Book | ben |
| 082 ## - DEWEY DECIMAL CLASSIFICATION NUMBER | |
| Classification number | 395 |
| Author mark and Year | ALM 2000 |
| 100 ## - MAIN ENTRY--PERSONAL NAME | |
| Personal name | (অবঃ) কর্নেল মোহাম্মদ দিদারুল আলম |
| 245 ## - TITLE STATEMENT | |
| Title | জীবন গড়ার সিড়ি শিষ্টাচার / |
| Statement of responsibility, etc | কর্নেল মোহাম্মদ দিদারুল আলম (অবঃ) |
| 260 ## - PUBLICATION, DISTRIBUTION, ETC. (IMPRINT) | |
| Place of publication, distribution, etc | ঢাকা : |
| Name of publisher, distributor, etc | উদ্যোগ ও এসোসিয়েশন, |
| Date of publication, distribution, etc | ২০০০. |
| 300 ## - PHYSICAL DESCRIPTION | |
| Pagination | 56 P. : |
| Dimensions | 21 cm. |
| 650 ## - SUBJECT ADDED ENTRY--TOPICAL TERM | |
| Topical term or geographic name as entry element | Etiquette |
| 942 ## - ADDED ENTRY ELEMENTS (KOHA) | |
| Source of classification or shelving scheme | Dewey Decimal Classification |
| Koha item type | Books |
| Source of classification or shelving scheme | Damaged status | Not for loan | Home library | Current library | Shelving location | Date of accession | Cost, normal purchase price | Full call number | Barcode | Date last seen | Copy number | Method of acquisition | Koha item type | Currency | Total Checkouts |
|---|---|---|---|---|---|---|---|---|---|---|---|---|---|---|---|
| Dewey Decimal Classification | JCC Rouf Library | JCC Rouf Library | General Stacks | 02/18/2018 | 40.00 | 395 ALM 2000 | 8789 | 01/23/2018 | C 1 | Purchase | Books | BDT | |||
| Dewey Decimal Classification | JCC Rouf Library | JCC Rouf Library | General Stacks | 02/17/2018 | 395 ALM 2000 | 10598 | 02/17/2018 | C-2 | Purchase | Books | |||||
| Dewey Decimal Classification | JCC Rouf Library | JCC Rouf Library | General Stacks | 02/17/2018 | 40.00 | 395 ALM 2000 | 10597 | 02/17/2018 | C-3 | Books | |||||
| Dewey Decimal Classification | JCC Rouf Library | JCC Rouf Library | General Stacks | 02/17/2018 | 40.00 | 395 ALM 2000 | 10596 | 02/17/2018 | C-4 | Books | |||||
| Dewey Decimal Classification | JCC Rouf Library | JCC Rouf Library | General Stacks | 02/17/2018 | 40.00 | 395 ALM 2000 | 10595 | 02/17/2018 | C-5 | Books |